UK Cities with Mass Transit Systems - Statistics

General Stats
  • This quiz has been taken 30 times
    19 since last reset
  • The average score is 12 of 14
Answer Stats
Hint Answer % Correct
Trams, Scotland Edinburgh Trams
100%
Metro, Scotland Glasgow Subway
100%
Light-Rail, North-West Manchester Metrolink
100%
Heavy-Rail/Light-Rail, Wales South Wales Metro (Cardiff)
100%
Heavy-Rail, Northern Ireland Translink Belfast
100%
Multiple Form, South-East Transport for London System
100%
Light-Rail (Trains), North East Tyne and Wear Metro
100%
Light-Rail, West Midlands West Midlands Metro
100%
Heavy-Rail, North-West Merseyrail
94%
Heavy-Rail, Yorkshrie West Yorkshire Metro (Northern Rail)
83%
Light-Rail/Trams, Yorkshire Sheffield Supertram
78%
Light-Rail, East Midlands Nottingham Express Transit
72%
Heavy-Rail, The West Country Devon Metro (Exeter)
56%
Heavy-Rail, The West Country Greater Bristol Metro
56%
No matching quizzes found
Score Distribution
Percent of People with Each Score
Percentile by Number Answered
Your Score History
You have not taken this quiz since the last reset